000 01266cam a22003614a 4500
001 75681
005 20230411085656.0
008 010806s2002 nyuab b 001 0 eng
010 _a 2001046541
035 _a(OCoLC)ocm47764350
040 _aDLC
_cDLC
_dBAKER
_dYDXCP
_dOCLCQ
_dBTCTA
_dIG#
020 _a047105920X (pbk. : alk. paper)
020 _a9780471059202 (pbk. : alk. paper)
035 _a(OCoLC)47764350
050 1 4 _aTA145
_b.W75 2002
082 0 0 _a620
_221
049 _aGRAL
100 1 _aWright, Paul H.
245 1 0 _aIntroduction to engineering /
_cPaul H. Wright.
250 _a3rd ed.
260 _aNew York :
_bJ. Wiley,
_cc2002.
300 _axi, 276 p. :
_bill., maps ;
_c24 cm.
504 _aIncludes bibliographical references and index.
650 0 _aEngineering.
856 4 2 _3Publisher description
_uhttp://www.loc.gov/catdir/description/wiley036/2001046541.html
856 4 1 _3Table of contents
_uhttp://www.loc.gov/catdir/toc/wiley021/2001046541.html
938 _aYBP Library Services
_bYANK
_n1806959
938 _aBaker and Taylor
_bBTCP
_n2001046541
938 _aBaker & Taylor
_bBKTY
_c58.25
_d58.25
_i047105920X
_n0003772003
_sactive
938 _aIngram
_bINGR
_n9780471059202
942 _2lcc
_cbk
994 _aC0
_bDRFGD
999 _c105729
_d105729